000 01845 a2200313 4500
003 OSt
005 20180116192341.0
008 120525t xxu||||| |||| 00| 0 eng d
010 _a 2005000058
020 _a1558494804 (cloth : alk. paper)
040 _c0
082 0 0 _a711.40973
100 1 _aNolen, John,
_92269
245 1 0 _aNew towns for old :
_bachievements in civic improvement in some American small towns and neighborhoods /
_cby John Nolen ; new introduction by Charles D. Warren.
260 _aAmherst ;
_aBoston :
_bUniversity of Massachusetts Press, in association with Library of American Landscape History, Amherst,
_c2005.
300 _a[cxv], 228 p. :
_bill., maps ;
_c21 cm.
490 1 _aAmerican Society of Landscape Architects centennial reprint series
500 _aOriginally published: Boston, Mass. : Marshall Jones Company, 1927.
505 0 _aPlanning the small community -- Town development -- Reshaping an industrial town -- An industrial city built to order -- A village for factory workers -- An old seacoast town -- A war emergency project -- A high-class residential suburb -- A wholesale migration from cities in prospect -- New communities planned to meet new conditions -- Appendices. A. List of the more important city planning reports of towns and small cities -- B. Brief list of the most useful and available books on town city planning.
650 0 _aCity planning.
_92270
650 0 _aCivic improvement.
_92271
650 0 _aNew towns
_zUnited States.
_92272
650 0 _aCities and towns
_92273
700 1 _aWarren, Charles D.
_d1954-
_92274
830 0 _aCentennial reprint series.
_92275
856 4 1 _3Table of contents
_uhttp://www.loc.gov/catdir/toc/ecip055/2005000058.html
942 _aSADA
_cBK
_k711.40973 NOL 2005
_2ddc
999 _c352666
_d352666